000 00245nam a2200109Ia 4500
008 190914s9999||||xx |||||||||||||| ||und||
100 _a Munib-ur-Rehman
245 0 _aIslamiat
260 _aCanada
_bPearson
_c1999
300 _a378
942 _cBK
999 _c9766
_d9766